|
|
|
|
| LEADER |
00918nam a22002297a 4500 |
| 001 |
AAL9634 |
| 003 |
BD-DhAAL |
| 005 |
20180715101318.0 |
| 008 |
180715s 2011B ||||| |||| 00| 0 B d |
| 999 |
|
|
|c 39765
|d 39765
|
| 020 |
|
|
|a 9789843310225
|
| 040 |
|
|
|a BD-DhAAL
|c BD-DhAAL
|
| 082 |
|
|
|a 891.4409
|
| 100 |
|
|
|a সাহা, মহাদেব
|9 27247
|
| 245 |
|
|
|a কবির দেশ ও অন্যান্য ভাবনা /
|c মহাদেব সাহা
|
| 260 |
|
|
|a ঢাকা :
|b অগ্রদূত,
|c ২০১১
|
| 300 |
|
|
|a ৭২ পৃ. ;
|c ২২ সেমি.
|
| 541 |
|
|
|e 9634
|
| 650 |
|
|
|a Bangla Literature
|x History and Criticism
|9 27248
|
| 852 |
|
|
|a Savar Campus Library
|c General Shelf
|
| 942 |
|
|
|2 ddc
|c BK
|
| 952 |
|
|
|0 0
|1 0
|2 ddc
|4 0
|6 891_440900000000000_SHA
|7 0
|9 63793
|a SCL
|b SCL
|c GEN
|d 2018-07-15
|e Development Book Agency
|g 108.00
|l 0
|o 891.4409 SHA
|p 3020009634
|r 2018-07-15
|t 1
|w 2018-07-15
|y BK
|